<?xml version="1.0" encoding="UTF-8"?>
<record
    xmlns:xsi="http://www.w3.org/2001/XMLSchema-instance"
    xsi:schemaLocation="http://www.loc.gov/MARC21/slim http://www.loc.gov/standards/marcxml/schema/MARC21slim.xsd"
    xmlns="http://www.loc.gov/MARC21/slim">

  <leader>01180nam a22002537a 4500</leader>
  <controlfield tag="003">NALT</controlfield>
  <controlfield tag="005">20240429113816.0</controlfield>
  <controlfield tag="008">230508b        th ||||| |||| 00| 0 tha d</controlfield>
  <datafield tag="040" ind1=" " ind2=" ">
    <subfield code="a">NALT</subfield>
  </datafield>
  <datafield tag="050" ind1=" " ind2=" ">
    <subfield code="a">PL 4206.6</subfield>
    <subfield code="b">&#xE1E;333&#xE1B; 2563</subfield>
  </datafield>
  <datafield tag="100" ind1="0" ind2=" ">
    <subfield code="9">60809</subfield>
    <subfield code="a">&#xE1E;&#xE23;&#xE30;&#xE18;&#xE21;&#xE3A;&#xE21;&#xE18;&#xE42;&#xE23; &#xE04;&#xE23;&#xE39;&#xE1A;&#xE32;&#xE41;&#xE08;&#xE4B;&#xE27;</subfield>
  </datafield>
  <datafield tag="245" ind1="1" ind2="0">
    <subfield code="a">80 &#xE1B;&#xE35; &#xE0A;&#xE48;&#xE27;&#xE07; &#xE21;&#xE39;&#xE25;&#xE1E;&#xE34;&#xE19;&#xE34;&#xE08; &#xE28;&#xE34;&#xE25;&#xE1B;&#xE34;&#xE19;&#xE41;&#xE2B;&#xE48;&#xE07;&#xE0A;&#xE32;&#xE15;&#xE34; 2556 /</subfield>
    <subfield code="c">&#xE1E;&#xE23;&#xE30;&#xE18;&#xE21;&#xE3A;&#xE21;&#xE18;&#xE42;&#xE23; &#xE04;&#xE23;&#xE39;&#xE1A;&#xE32;&#xE41;&#xE08;&#xE4B;&#xE27;.</subfield>
  </datafield>
  <datafield tag="250" ind1=" " ind2=" ">
    <subfield code="a">&#xE1E;&#xE34;&#xE21;&#xE1E;&#xE4C;&#xE04;&#xE23;&#xE31;&#xE49;&#xE07;&#xE17;&#xE35;&#xE48; 1.</subfield>
  </datafield>
  <datafield tag="260" ind1=" " ind2=" ">
    <subfield code="a">&#xE2D;&#xE38;&#xE1A;&#xE25;&#xE23;&#xE32;&#xE0A;&#xE18;&#xE32;&#xE19;&#xE35; :</subfield>
    <subfield code="b">&#xE28;&#xE34;&#xE23;&#xE34;&#xE18;&#xE23;&#xE23;&#xE21;&#xE2D;&#xE2D;&#xE1F;&#xE40;&#xE0B;&#xE47;&#xE17;,</subfield>
    <subfield code="c">2563.</subfield>
  </datafield>
  <datafield tag="300" ind1=" " ind2=" ">
    <subfield code="a">239 &#xE2B;&#xE19;&#xE49;&#xE32; : </subfield>
    <subfield code="b">&#xE20;&#xE32;&#xE1E;&#xE1B;&#xE23;&#xE30;&#xE01;&#xE2D;&#xE1A; ;</subfield>
    <subfield code="c">21 &#xE0B;&#xE21;.</subfield>
  </datafield>
  <datafield tag="600" ind1="0" ind2="4">
    <subfield code="9">60864</subfield>
    <subfield code="a">&#xE0A;&#xE48;&#xE27;&#xE07; &#xE21;&#xE39;&#xE25;&#xE1E;&#xE34;&#xE19;&#xE34;&#xE08;</subfield>
    <subfield code="x">&#xE01;&#xE27;&#xE35;&#xE19;&#xE34;&#xE1E;&#xE19;&#xE18;&#xE4C;</subfield>
  </datafield>
  <datafield tag="650" ind1=" " ind2="4">
    <subfield code="9">10155</subfield>
    <subfield code="a">&#xE01;&#xE27;&#xE35;&#xE19;&#xE34;&#xE1E;&#xE19;&#xE18;&#xE4C;&#xE44;&#xE17;&#xE22;</subfield>
  </datafield>
  <datafield tag="850" ind1=" " ind2=" ">
    <subfield code="a">NALT</subfield>
  </datafield>
  <datafield tag="942" ind1=" " ind2=" ">
    <subfield code="c">GB</subfield>
    <subfield code="2">lcc</subfield>
  </datafield>
  <datafield tag="996" ind1=" " ind2=" ">
    <subfield code="a">chunbijaya.r</subfield>
    <subfield code="b">CATSTF	</subfield>
    <subfield code="c">2023-05-08</subfield>
  </datafield>
  <datafield tag="996" ind1=" " ind2=" ">
    <subfield code="a">areerat.v</subfield>
    <subfield code="b">CATSTF	</subfield>
    <subfield code="c">2023-05-11</subfield>
  </datafield>
  <datafield tag="999" ind1=" " ind2=" ">
    <subfield code="c">102044</subfield>
    <subfield code="d">102044</subfield>
  </datafield>
  <datafield tag="998" ind1=" " ind2=" ">
    <subfield code="j">8</subfield>
    <subfield code="k"> &#xE19;&#xE32;&#xE22;&#xE1A;&#xE31;&#xE13;&#xE11;&#xE34;&#xE15;  &#xE2D;&#xE38;&#xE17;&#xE32;&#xE27;&#xE07;&#xE04;&#xE4C;</subfield>
  </datafield>
  <datafield tag="952" ind1=" " ind2=" ">
    <subfield code="0">0</subfield>
    <subfield code="1">0</subfield>
    <subfield code="2">lcc</subfield>
    <subfield code="4">0</subfield>
    <subfield code="7">0</subfield>
    <subfield code="8">CGBL</subfield>
    <subfield code="a">NALT</subfield>
    <subfield code="b">NALT</subfield>
    <subfield code="c">GEN</subfield>
    <subfield code="d">2023-05-08</subfield>
    <subfield code="l">1</subfield>
    <subfield code="o">PL 4206.6 &#xE1E;333&#xE1B; 2563</subfield>
    <subfield code="p">3961223039</subfield>
    <subfield code="r">2024-05-07 00:00:00</subfield>
    <subfield code="s">2024-04-29</subfield>
    <subfield code="w">2023-05-08</subfield>
    <subfield code="y">GB</subfield>
  </datafield>
</record>
